Edge Detection Algorithms for Biomedical signals and for different file formats with and without noise: survey (Record no. 231036)

MARC details
000 -LEADER
fixed length control field 00510nam a2200133Ia 4500
008 - FIXED-LENGTH DATA ELEMENTS--GENERAL INFORMATION
fixed length control field 231221s9999 xx 000 0 und d
041 ## - LANGUAGE CODE
Language code of text/sound track or separate title English
082 ## - DEWEY DECIMAL CLASSIFICATION NUMBER
Classification number JNTC10-842
100 ## - MAIN ENTRY--PERSONAL NAME
Personal name Prashantha, H S. Shashidhara, H L. Balasubramanya Murthy, K N. Harsha, H C.
245 #0 - TITLE STATEMENT
Title Edge Detection Algorithms for Biomedical signals and for different file formats with and without noise: survey
260 ## - PUBLICATION, DISTRIBUTION, ETC.
Date of publication, distribution, etc. 2010
650 ## - SUBJECT ADDED ENTRY--TOPICAL TERM
Topical term or geographic name entry element Edge,Detection,Biomedical,signals,different,formats,without,noise:,survey
942 ## - ADDED ENTRY ELEMENTS (KOHA)
Koha item type Institutional repository
Holdings
Date last seen Total checkouts Full call number Accession number Price effective from Category Lost status Damaged status Department Withdrawn status Home library Current library Shelving location Entry date Grants Currency symbol Conversion rate Discount Old discount
26/01/2024   JNTC10-842 IR842 26/01/2024 Institutional repository     TC   Central Library Central Library Central Library   TC RS 1    

© For any Suggestions or Query, please contact the library staff @ librarian@pes.edu or Phone: +9180 2672 1983/ 2108.